00345nam a2200133Ia 4500003000400000008004100004040001600045082001700061100001900078245004700097260003200144300000800176650002700184GCL140319s9999 xx 000 0 eng d aGCL / cGCL04aCHb032bL S1 aLEOKUM, ARKADY10aSTILL MORE: TELL ME WHY / cLEOKUM, ARKADY a[S.N] : bHAM LYN ، c1987 a39904aKNOWLEDGE AND LEARNING